El Parc natural del Montseny
ISBN:
84-500-9077-6
Descripción Física:
32 pàgines : il·lustracions ; 22 cm
Idioma:
Catalán
MARC
| LEADER | 00000nam a2200000uc 4500 | ||
|---|---|---|---|
| 001 | 94008693 | ||
| 008 | s1990||||sp ||||gr|||| ||| ||cat|d | ||
| 020 | |a 84-500-9077-6 | ||
| 040 | |a BGR |b cat | ||
| 245 | 0 | 3 | |a El Parc natural del Montseny |
| 260 | |a Barcelona : |b Diputació. Servei de Parcs Naturals, |c 1990 | ||
| 300 | |a 32 pàgines : |b il·lustracions ; |c 22 cm | ||
| 610 | 0 | |a Parc Natural del Montseny (Catalunya) |9 10461 | |
| 610 | 0 | |a Parc Natural del Montseny (Catalunya) |v Guies |9 52680 | |
| 710 | |9 53492 |a Barcelona (Catalunya : Província). |b Servei de Parcs Naturals | ||
| 942 | |c ARXIU |2 udc |n 1 | ||
| 952 | |0 0 |1 0 |4 0 |7 1 |9 62563 |a Arxiu |b Arxiu |d 2022-06-29 |o Bib-722 |p 26082 |r 2022-06-29 00:00:00 |w 2022-06-29 |y ARXIU |z Donatiu BGR | ||
| 999 | |c 23404 |d 23404 | ||